LEADER 01270nam0-2200313---450- 001 990008648370403321 005 20091222092817.0 020 $aIT$b1950 7999 035 $a000864837 035 $aFED01000864837 035 $a(Aleph)000864837FED01 035 $a000864837 100 $a20080417d1950----km-y0itay50------ba 101 0 $aita 102 $aIT 105 $ay-------001yy 200 1 $aImposta straordinaria progressiva sul patrimonio e imposta straordinaria proporzionale sul patrimonio delle società e degli enti morali$etitolo 1. e 2. del T. U. approvato con decreto del Presidente della Repubblica 9 maggio 1950, n. 203$eraccolta organica delle circolari ministeriali 210 $aRoma$cIst. poligr. dello Stato, Libreria$d1950 215 $a326 p.$d21 cm 300 $aMinistero delle Finanze, Direzione Generale per la Finanza straordinaria 676 $a343.04$v11 rid.$zita 710 02$aItalia.$bMinistero delle finanze$0356818 801 0$aIT$bUNINA$gRICA$2UNIMARC 901 $aBK 912 $a990008648370403321 952 $aH 79/B$bs.i.$fDSS 959 $aDSS 996 $aImposta straordinaria progressiva sul patrimonio e imposta straordinaria proporzionale sul patrimonio delle società e degli enti morali$9716654 997 $aUNINA LEADER 01026nam0 2200289 i 450 001 VAN0001103 005 20111010113417.973 010 $a88-11-68003-4 020 $aIT$b99 8446 100 $a20020701d1999 |0itac50 ba 101 $aita 102 $aIT 105 $a|||| ||||| 200 1 $aˆIl ‰futuro della riproduzione assistita$fRobert Winston 210 $a[Milano]$cGarzanti$d1999 215 $a63 p.$d18 cm. 606 $aFecondazione artificiale$3VANC000635$2FI 620 $dMilano$3VANL000284 676 $a618.178059$v21 700 1$aWinston$bRobert$3VANV000830$0730355 712 $aGarzanti $3VANV108333$4650 801 $aIT$bSOL$c20230616$gRICA 899 $aBIBLIOTECA DEL DIPARTIMENTO DI GIURISPRUDENZA$1IT-CE0105$2VAN00 912 $aVAN0001103 950 $aBIBLIOTECA DEL DIPARTIMENTO DI GIURISPRUDENZA$d00CONS I.Eb.3 $e00 15341 20020826 996 $aFuturo della riproduzione assistita$91439357 997 $aUNICAMPANIA